000 00749nam a22002650a 4500
001 12848889
003 OCoLC
005 20221221182211.0
008 851126s1983 sp j 000 0 spa d
020 _a8423927121
020 _a9788423927128
035 _aocm12848889
035 _aCARL012848889
040 _aMCF
_cMCF
_dUtOrBLW
041 _aspa
099 _a863
_aR571cu SPANISH
100 1 _aRobles, Antonio,
_d1895 or 1897-1983.
245 1 0 _aCuentos de las cosas que hablan /
_cAntoniorrobles; illustraciones de Juan Ramon Alonso.
260 _aMadrid :
_bEpasa-Calpe,
_cc1981.
300 _a185 p. :
_bill. ;
_c18 cm. --
490 1 _aAustral juvenil.
700 1 _aAlonso, Juan Ramon
830 0 _aAustral juvenil.
942 _cBK
999 _c27584
_d27584